Представление документа в формате MARC21

Поле Инд. ПП Название Значение
Тип записи a
Библиографический уровень m
001 Контрольный номер RU/IS/BASE/295006525
005 Дата корректировки 20140703174032.8
020 a ISBN 5-93321-073-0
040 a Служба первич. каталог. НБ ТвГУ
b Код языка каталог. rus
e Правила каталог. PSBO
041 0_ a Код языка текста rus
080 a Индекс УДК 821.161.1-94
084 a Индекс другой классификации/Индекс ББК Ш6(2=411.2)6-491
090 a Полочн. индекс Ш6(2=411.2)
x Авторский знак Т 66
100 1_ a Автор Трегубова Елена Викторовна
q Полное имя Трегубова Е.
245 10 a Заглавие Байки кремлевского диггера
260 a Место издания Москва
b Издательство Ad Marginem
c Дата издания 2003
300 a Объем 382 c.
440 a Серия ТРЭШ коллекция
653 a Ключевые слова Художественная
920 a Оператор Густ
930 a Новая/Ретро художественная
952 c Вид литературы К рх
954 a Дата поступления на обработку 20090522